000 00535nam a2200181Ia 4500
005 20250317130405.0
008 008 250317s9999 xx 000 0 eng d
037 _aTextbook
040 _aFMSL
_beng
_cFMSL
041 _aeng
_2eng
084 _aX:51y7 L8;2
_qFMSL
100 _aJolson M A
_9737074
245 0 _aMarketing management : Integrated text readings and cases
260 _aNew York
_bNew York, Macmillan
_c1978
300 _a640p
942 _cTB
_hX:51y7 L8;2
999 _c1263578
_d1263578